000 01771nma a22002537a 4500
005 20210325194318.0
006 g q ||
008 s2545 th tha d
041 _atha
090 _aCD583/1,CD583/2
110 0 _aจุฬาลงกรณ์มหาวิทยาลัย. คณะวิทยาศาสตร์
245 1 0 _aโครงการพัฒนาเทคนิควิธีการประเมินคุณค่าสิ่งแวดล้อมธรรมชาติ [CD-ROM]
260 3 _aกรุงเทพฯ :
_bจุฬาลงกรณ์มหาวิทยาลัย,
_c2545
300 _a2 แผ่นsd., col.
610 _aจุฬาลงกรณ์มหาวิทยาลัย. คณะวิทยาศาสตร์
650 0 4 _aโครงการพัฒนาเทคนิควิธีการประเมินคุณค่าสิ่งแวดล้อมธรรมชาติ
650 0 4 _aทรัพยากรธรรมชาติและสิ่งแวดล้อม -- การประเมิน
650 0 4 _aสิ่งแวดล้อม -- การประเมิน
650 0 4 _aสิ่งแวดล้อม -- การประเมินทรัพยากรธรรมชาติและสิ่งแวดล้อม -- การประเมินโครงการพัฒนาเทคนิควิธีการประเมินคุณค่าสิ่งแวดล้อมธรรมชาติ
850 _aNALT
942 _cCD
997 _c000000000043683
_kVC
998 _aน.ส.อรอุษา โอภาสมงคลชัย
999 _c43683
_d43683